000 00332nam a2200121Ia 4500
008 220204s9999 xx 000 0 und d
082 _a635.9
_bMEN
100 _aMENAGE, Ronald H
245 0 _aUnheated greenhouse: How to maximise its potential.
260 _aWellingborough
_bThorson Pub
_c1978
650 _aGreenhouse
942 _cBK
999 _c35923
_d35923